| 000 | 01409njm a22002657a 4500 | ||
|---|---|---|---|
| 005 | 20100908135616.0 | ||
| 008 | 100908t xxu||||| |||| 00| 0 hin d | ||
| 028 |
_aN. 54745 _bHis Master's Voice |
||
| 035 | _aGR-01336 | ||
| 040 | _aSED/VEN | ||
| 100 |
_aMangeshkar, Lata _918928 |
||
| 245 |
_aHimalay ki god mein : _bHindustani / _cby Lata Mangeshkar ; music by Kalyanji Anandji ; lyric by Indiwar & Anand Bakshi _h[Sound recording] : |
||
| 246 | _aहिमालय की गोद में (लता मंगेशकर ) | ||
| 260 |
_aDum Dum India _bHis Master's Voice _c1964 |
||
| 300 |
_a1 sound disc [Gramophone record] : _banalog, 33 1/3 rpm _c10 in. _fGramophone Record |
||
| 500 | _aBrief Record | ||
| 505 | _aEk tu na mila part 1 (Himalay ki god mein) (Lata Mangeshkar) एक तू न मिला पार्ट १ (हिमालय की गोद में ) (लता मंगेशकर ) Chandsi mehbuba ho part 2 (Himalay ki god mein) (Mukesh) चांदसी महबूबा हो पार्ट २ (हिमालय की गोद में ) (मुकेश ) | ||
| 650 |
_aClassical Music _xExcerpts _zIndia _918929 |
||
| 700 |
_aKalyanji Anandji _918930 |
||
| 700 |
_aIndiwar _918931 |
||
| 700 |
_aBakshi, Anand _918978 |
||
| 700 | _918945 | ||
| 942 |
_2ddc _cGR |
||
| 999 |
_c44564 _d44564 |
||